Statystyki dla Regiony graniczące z Polską z mapą

Kliknij tutaj aby rozwiązać quiz!

Ogólne statystyki

  • Ten quiz został rozwiązany 139 razy
  • Średni wynik to 7 z 18

Odpowiedzi na mapie

Odpowiedzi skodowane kolorowo w zielono-czerwonej skali na mapie do tego quizu, zgodnie z poniższymi procentami.
 

Statystyki odpowiedzi

Odpowiedź% Poprawnych
obwód kaliningradzki
79%
Saksonia
74%
Brandenburgia
73%
obwód lwowski
70%
obwód brzeski
50%
obwód grodzieński
41%
obwód zakarpacki
41%
kraj liberecki
39%
obwód wołyński
39%
Meklemburgia-Pomorze przednie
33%
kraj preszowski
22%
kraj żyliński
20%
kraj hradecki
19%
okręg mariampolski
18%
kraj morawsko-śląski
17%
okręg olicki
17%
kraj ołomuniecki
15%
kraj pardubicki
15%

Rozkład punktacji

Percentyl według liczby udzielonych odpowiedzi

Procent ludzi z każdym wynikiem

Twoja historia wyników

Nie rozwiązałeś tego quizu